000 01562cad a22002655a 4500
001 L151438
008 101105e20101021xxkd f s f000 0 eng d
035 _a(Sirsi) u151438
041 0 _aeng
050 0 4 _a333.338 $2 18
110 1 _aUnited Kingdom
_bDepartment for Communities and Local Government
_94939
245 0 0 _aNet supply of housing
_b2009-10, England
_h[electronic resource]
260 _aLondon
_bDCLG
_c2010
490 0 _aDCLG Housing Statistical Release
_vOctober 2020
505 2 _aNational trends in housing supply -- Breakdown of net housing supply -- Regional trends in housing supply -- Housing supply targets -- Data collection -- Strengths and weaknesses of the data -- Background notes -- Enquiries -- User consultation
520 _aNet annual housing supply in England in 2009-2010. 128 680 net additional dwellings in 2009-10, a 23% decrease compared with 2008-2009, the lowest annual level of net housing supply since 2000-01. 97% of net additional dwellings were accounted for by new build completions. Fewer net additional dwellings were supplied across all the regions with North West showing the largest decrease.
521 _aAdvanced
590 _aKA NTK
650 2 4 _aDCLG NET HOUSING SUPPLY
651 4 _aUnited Kingdom
_y
690 _aPROPERTY-RESIDENTIAL PROPERTY-DOMESTIC RESIDENTIAL PROPERTY-HOUSING
690 _aBUILT ENVIRONMENT-CONSTRUCTION MARKET
856 4 0 _uhttps://www.communities.gov.uk/documents/statistics/pdf/1746065.pdf
_zView the item free of charge at www.communities.gov.uk.
942 _n0
999 _c111364
_d111364